Silver Medallion Flatware (Record no. 717)

MARC details
000 -CABECERA
campo de control de longitud fija 00853nam a2200229 a 4500
001 - NÚMERO DE CONTROL
campo de control BRCA_822
005 - FECHA Y HORA DE LA ÚLTIMA TRANSACCIÓN
campo de control 20190320203150.0
008 - DATOS DE LONGITUD FIJA--INFORMACIÓN GENERAL
campo de control de longitud fija 880429s1988 nyua---##c---#000-0#eng-#
020 ## - NÚMERO INTERNACIONAL ESTÁNDAR DEL LIBRO
Número Internacional Estándar del Libro 092942400X
040 ## - FUENTE DE LA CATALOGACIÓN
Centro catalogador/agencia de origen DLC
Centro/agencia transcriptor DLC
Centro/agencia modificador DLC
050 #4 - SIGNATURA TOPOGRÁFICA DE LA BIBLIOTECA DEL CONGRESO
Número de clasificación NK7234
Número de documento/Ítem .S64 1988
100 1# - ENTRADA PRINCIPAL--NOMBRE DE PERSONA
Nombre de persona Soeffing, D. Albert
9 (RLIN) 2734
245 10 - MENCIÓN DE TÍTULO
Título Silver Medallion Flatware
Mención de responsabilidad, etc. D. Albert Soeffing ; photographs by Andrew Kohler ; designed and produced by Ray F. Patient.
260 ## - PUBLICACIÓN, DISTRIBUCIÓN, ETC.
Lugar de publicación, distribución, etc. Nueva York
Nombre del editor, distribuidor, etc. New Books
Fecha de publicación, distribución, etc. 1988
300 ## - DESCRIPCIÓN FÍSICA
Extensión 111 p.
Otras características físicas il.
Dimensiones 26 cm.
650 14 - PUNTO DE ACCESO ADICIONAL DE MATERIA--TÉRMINO DE MATERIA
Término de materia o nombre geográfico como elemento de entrada Platos y cubiertos de plata
Subdivisión general Historia
Subdivisión cronológica Siglo XIX
Subdivisión geográfica Estados Unidos
9 (RLIN) 2735
650 14 - PUNTO DE ACCESO ADICIONAL DE MATERIA--TÉRMINO DE MATERIA
Término de materia o nombre geográfico como elemento de entrada Platos y cubiertos de plata
Subdivisión general Patrones
Subdivisión geográfica Estados Unidos
9 (RLIN) 2736
650 14 - PUNTO DE ACCESO ADICIONAL DE MATERIA--TÉRMINO DE MATERIA
Término de materia o nombre geográfico como elemento de entrada Medallones (Artes decorativas)
Subdivisión general Historia
Subdivisión cronológica Siglo XIX
Subdivisión geográfica Estados Unidos
9 (RLIN) 2737
700 1# - PUNTO DE ACCESO ADICIONAL--NOMBRE DE PERSONA
Nombre de persona Kohler, Andrew
9 (RLIN) 2738
700 1# - PUNTO DE ACCESO ADICIONAL--NOMBRE DE PERSONA
Nombre de persona Patient, Ray F
9 (RLIN) 2739
942 ## - ELEMENTOS DE PUNTO DE ACCESO ADICIONAL (KOHA)
Fuente del sistema de clasificación o colocación Library of Congress Classification
Tipo de ítem Koha Libros
Holdings
Estado de retiro Estado de pérdida Estado dañado No para préstamo Localización permanente Ubicación/localización actual Fecha de adquisición Total de préstamos Signatura topográfica completa Código de barras Fecha visto por última vez Precio válido a partir de Tipo de ítem Koha
El ejemplar forma parte de la colección y puede ser consultado según las políticas vigentes.       Biblioteca del Museo Franz Mayer (Rogerio Casas-Alatriste) Biblioteca del Museo Franz Mayer (Rogerio Casas-Alatriste) 26/06/2008   NK7234 .S64 1988 01294 22/03/2019 22/03/2019 Libros